000 00621nam a2200229Ia 4500
003 OSt
005 20220918180719.0
006 a|||||r|||| 00| 0
007 ta
008 220917b |||||||| |||| 00| 0 eng d
024 _a23,666
037 _cTextual
040 _aARTS
_cARTS
_beng
041 _2eng
_aeng
082 _aO111:gx, K8 (EO)
100 _aRawlinson D. H
_924042
245 0 _aPractice of criticism
260 _aCambridge
_bCambridge University Press
_c1968
650 _aENGLISH LITERATURE
942 _hO111:gx, K8 (EO)
_cTEXL
_2CC
999 _c162715
_d162715